000 00425pab a2200169 454500
008 180718b1988 xxu||||| |||| 00| 0 eng d
100 _aShukla, K.S.
245 _aTraining for judicial officers: Emerging perspectives
260 _c1988
300 _ap.622-633.
362 _aJul-Sep
650 _aJudiciary
650 _aTraining
773 _aIndian Journal of Public Administration
908 _aN
909 _a88863
999 _c88863
_d88863